| 000 | 00624nam a2200205Ia 4500 | ||
|---|---|---|---|
| 003 | GCL | ||
| 008 | 140319s9999 xx 000 0 ara d | ||
| 040 |
_aGCL / _cGCL |
||
| 082 | 0 | 4 |
_aق _b962.16 _bد ب |
| 100 | 1 | _aديفرنشير، ر . ل | |
| 245 | 1 | 0 |
_aبناة القاهرة الاسلامية / _cديفرنشير، ر . ل |
| 700 | 1 | _aمحمد سعيد السيد منصور (مترجم) | |
| 300 | _a78 ص | ||
| 490 | _a | ||
| 650 | 0 | 4 | _aالاثار الاسلامية |
| 650 | 0 | 4 | _aالملوك والحكام |
| 650 | 0 | 4 | _aالقاهرة |
| 650 | 0 | 4 | _aالقاهرة الاسلامية |
| 942 |
_2ddc _cBK |
||
| 999 |
_c45136 _d45136 |
||